| 000 | 00410nam a2200181Ia 4500 | ||
|---|---|---|---|
| 003 | 0100 | ||
| 008 | 130307s9999 xx 000 0 und d | ||
| 040 | _cARRUPELIB | ||
| 050 | _aPA2087.P345 | ||
| 100 | _aPearl, Joseph | ||
| 245 | _aCompanion to Cicero | ||
| 260 | _aNY | ||
| 260 | _bCollege Entrance Book Co. | ||
| 260 | _c1937 | ||
| 300 | _a110p | ||
| 650 | _bLogic, Symbolic and logical | ||
| 942 | 0 | 0 | _01 |
| 999 |
_c85233 _d85233 |
||